| 000 | 00998nas a2200301 i 4500 | ||
|---|---|---|---|
| 001 | 2692 | ||
| 003 | ES-MaACL | ||
| 005 | 20250326204001.0 | ||
| 007 | t| | ||
| 008 | 980121c1990 sp | | 0 ||pa d | ||
| 022 | _a1130-3883 | ||
| 080 | _a(460) | ||
| 080 | _a657 | ||
| 245 | 0 | 0 | _aBoletín oficial del Instituto de Contabilidad y Auditoría de Cuentas. |
| 260 |
_aMadrid : _bInstituto de Contabilidad y Auditoría de Cuentas, _c1990- |
||
| 300 |
_a10 v. ; _c30 cm. |
||
| 310 | _aTrimestral | ||
| 362 | 0 | _aNº 1 (1990)- | |
| 650 | 1 | 4 |
_aContabilidad. _911307 |
| 655 | 7 |
_2tgfbne _9226866 _aRevistas |
|
| 710 | 2 |
_aInstituto de Contabilidad y Auditoría de Cuentas. _94847 |
|
| 852 |
_aES-MaACL _jHem-2001 |
||
| 856 |
_uhttps://www.icac.gob.es/publicaciones/no-123-boletin-del-instituto-de-contabilidad-y-auditoria-de-cuentas _yMinisterio de Hacienda |
||
| 866 | 0 | _o1996-2004. | |
| 942 |
_2udc _cPERIODICA |
||
| 999 |
_c2692 _d2692 |
||